000 00602nam a2200181 i 4500
001 32436
003 ES-MaACL
005 20230906154555.0
007 t|
008 030131s1966 sp ||||1| spa d
100 1 _aBenito Ruano, Eloy.
_927689
245 1 0 _aFastos de Castropol en el siglo XVI /
_cpor Eloy Benito Ruano.
260 _aOviedo :
_bInstituto de Estudios Asturianos,
_c1966.
300 _a57 p. ;
_c25 cm.
500 _aEs separata de: Boletín del Instituto de Estudios Asturianos, n. 59.
710 2 _aInstituto de Estudios Asturianos.
_94889
852 _aES-MaACL
_j2091-F-8
_bR.91134
999 _c32436
_d32436